PSL Teams - Statistics

General Stats
  • This quiz has been taken 20 times
  • The average score is 5 of 6
Answer Stats
Tenure Answer % Correct
2016 - current Islamabad United
95%
2016 - current Lahore Qalandars
95%
2016 - current Karachi Kings
84%
2016 - current Quetta Gladiators
79%
2018 - current Multan Sultans
74%
2016 - current Peshawar Zalmi
63%
No matching quizzes found
Score Distribution
Percent of People with Each Score
Percentile by Number Answered
Your Score History
You have not taken this quiz